Dinosaurs. (Record no. 550197)
[ view plain ]
| 000 -LEADER | |
|---|---|
| fixed length control field | 00526nam a2200169 a 4500 |
| 082 ## - DEWEY DECIMAL CLASSIFICATION NUMBER | |
| Classification number | 567.91 |
| Author Mark | BEN |
| 100 ## - MAIN ENTRY--PERSONAL NAME | |
| Personal name | Michael Benton. |
| 9 (RLIN) | 46917 |
| 245 1# - TITLE STATEMENT | |
| Title | Dinosaurs. |
| Remainder of title | Benton.Michael . |
| 260 ## - PUBLICATION, DISTRIBUTION, ETC. | |
| Place of publication, distribution, etc. | Essex : |
| Name of publisher, distributor, etc. | Miles Kelly Publishing, |
| 300 ## - PHYSICAL DESCRIPTION | |
| Extent | 64p. : ill. |
| 526 ## - STUDY PROGRAM INFORMATION NOTE | |
| Program name | 0 |
| Interest level | 0 |
| Reading level | 0 |
| Title point value | 567_910000000000000_BEN |
| 650 #0 - SUBJECT ADDED ENTRY--TOPICAL TERM | |
| Topical term or geographic name entry element | Dinosaurs -- Juvenile Literature. |
| 9 (RLIN) | 46918 |
| 650 #0 - SUBJECT ADDED ENTRY--TOPICAL TERM | |
| Topical term or geographic name entry element | Dinosaurs -- Pictorial Works -- Juvenile Literature. |
| 9 (RLIN) | 46919 |
| 650 #0 - SUBJECT ADDED ENTRY--TOPICAL TERM | |
| Topical term or geographic name entry element | mce |
| 9 (RLIN) | 379 |
| 700 ## - ADDED ENTRY--PERSONAL NAME | |
| Personal name | Gallagher, Belinda (ed.). |
| 9 (RLIN) | 46920 |
| 942 ## - ADDED ENTRY ELEMENTS (KOHA) | |
| Source of classification or shelving scheme | |
| Koha item type | Book |
| Withdrawn status | Lost status | Source of classification or shelving scheme | Damaged status | Not for loan | Permanent Location | Current Location | Date acquired | Total Checkouts | Full call number | Barcode | Date last seen | Price effective from | Koha item type |
|---|---|---|---|---|---|---|---|---|---|---|---|---|---|
| Military College of Engineering (MCE) | Military College of Engineering (MCE) | 10/27/2014 | 567.91 BEN | MCE-44351 | 10/27/2014 | 10/27/2014 | Book |
